000 00365nam a2200133Ia 4500
008 231129s9999||||xx |||||||||||||| ||spa||
020 _a968-7270-16-0
040 _bspa
082 _a620.112 G367m
100 _aGere James M.
245 0 _aMecanica de materiales
264 _aGrupo Editorial Iberoamerica
942 _2ddc
_cBKS
999 _c20825
_d20825